The practical company secretary; (Record no. 7431)
[ view plain ]
| 000 -LEADER | |
|---|---|
| fixed length control field | 01154cam a22002777a 4500 |
| 001 - CONTROL NUMBER | |
| control field | 7431 |
| 003 - CONTROL NUMBER IDENTIFIER | |
| rucl marc code | BD-RjUL |
| 005 - DATE AND TIME OF LATEST TRANSACTION | |
| control field | 20211208234419.0 |
| 008 - FIXED-LENGTH DATA ELEMENTS--GENERAL INFORMATION | |
| fixed length control field | 150114r19511920enk d 000 0 eng |
| 035 ## - SYSTEM CONTROL NUMBER | |
| System control number | (OCoLC)ocm17811193 |
| -- | (BD-RjUL)7474 |
| 040 ## - CATALOGING SOURCE | |
| Original cataloging agency | DLC |
| Transcribing agency | EEM |
| Modifying agency | OCLCQ |
| -- | DLC |
| -- | Luthar, I. S. |
| Language of cataloging | eng |
| 041 ## - LANGUAGE CODE | |
| Language code of text/sound track or separate title | eng |
| 082 ## - DEWEY DECIMAL CLASSIFICATION NUMBER | |
| Edition number | 347.7 |
| Author mark and year | TOP |
| 100 1# - MAIN ENTRY--PERSONAL NAME | |
| Personal name | Tovey, Philip, |
| 9 (RLIN) | 23230 |
| 245 14 - TITLE STATEMENT | |
| Title | The practical company secretary; |
| Remainder of title | a comprehensive encyclopaedia of information and direction on all matters connected with the work of a company secretary, fully illustrated with the necessary forms and documents, |
| Statement of responsibility, etc. | edited by Alfred Read. With contributions by eminent authorities on company law and secretarial practice. |
| 250 ## - EDITION STATEMENT | |
| Edition statement | Being the 6th ed. of Tovey's Dictionary of secretarial law and practice. |
| 260 ## - PUBLICATION, DISTRIBUTION, ETC. (IMPRINT) | |
| Place of publication, distribution, etc. | London, |
| Name of publisher, distributor, etc. | Pitman |
| Date of publication, distribution, etc. | 1951[printing1920] |
| 300 ## - PHYSICAL DESCRIPTION | |
| Pagination | xv, 1134 p. ; |
| Size | 26 cm. |
| 500 ## - GENERAL NOTE | |
| General note | Includes legislation. |
| 650 #0 - SUBJECT ADDED ENTRY--TOPICAL TERM | |
| Topical term or geographic name as entry element | Corporation law |
| Geographic subdivision | Great Britain |
| Form subdivision | Dictionaries. |
| 9 (RLIN) | 23231 |
| 700 1# - ADDED ENTRY--PERSONAL NAME | |
| Personal name | Read, Alfred, |
| Relator term | ed. |
| 710 1# - ADDED ENTRY--CORPORATE NAME | |
| Corporate name or jurisdiction name as entry element | Great Britain. |
| 9 (RLIN) | 23233 |
| 942 ## - ADDED ENTRY ELEMENTS (KOHA) | |
| Source of classification or shelving scheme | Dewey Decimal Classification |
| Koha item type | Books |
| Lost status | Source of classification or shelving scheme | Damaged status | Not for loan | Collection code | Permanent Location | Current Location | Shelving location | Date acquired | Source of acquisition | Cost, normal purchase price | Total Checkouts | Full call number | Date last seen | Copy number | Koha item type |
|---|---|---|---|---|---|---|---|---|---|---|---|---|---|---|---|
| Dewey Decimal Classification | Not For Loan | Non-fiction | Central Library, University of Rajshahi | Central Library, University of Rajshahi | 22/03/1963 | Zitlinger | 110.00 | 347.7 TOP 1951 | 15/01/2014 | C-1 | Books | ||||
| Dewey Decimal Classification | Non-fiction | Central Library, University of Rajshahi | Central Library, University of Rajshahi | 22/03/1963 | Zeitlinger | 110.00 | 347.7 TOP 1951 | 02/08/2016 | C-2 | Books | |||||
| Dewey Decimal Classification | Non-fiction | Central Library, University of Rajshahi | Central Library, University of Rajshahi | 22/03/1963 | Zeitlinger | 110.00 | 347.7 TOP 1951 | 02/08/2016 | C-3 | Books | |||||
| Dewey Decimal Classification | Non-fiction | Central Library, University of Rajshahi | Central Library, University of Rajshahi | 22/03/1963 | Zeitlinger | 110.00 | 347.7 TOP 1951 | 02/08/2016 | C-4 | Books |